[Event "ICC tourney 1897 (3 2)"]
[Site "Internet Chess Club"]
[Date "2020.07.03"]
[Round "11"]
[White "Wizard98"]
[Black "GeneraLisimus"]
[Result "1/2-1/2"]
[WhiteElo "1992"]
[BlackElo "2856"]
[PlyCount "167"]
[EventDate "2020.??.??"]

1. e4 c5 2. Nf3 Nc6 3. Bb5 g6 4. O-O Bg7 5. c3 e5 6. Re1 Nge7 7. d3 O-O 8. Nbd2
d6 9. a3 h6 10. b4 Kh7 11. Bb2 b6 12. Bc4 Be6 13. Nf1 Qd7 14. Bxe6 fxe6 15. d4
exd4 16. cxd4 cxb4 17. axb4 Nxb4 18. Qb3 a5 19. d5 Bxb2 20. dxe6 Qc8 21. Qxb2
Nd3 22. Qxb6 Nxe1 23. Rxe1 Qxe6 24. e5 Nd5 25. Qxd6 Qxd6 26. exd6 Rfd8 27. Rd1
Rxd6 28. Ne3 Rad8 29. Nc4 R6d7 30. Nxa5 Nf4 31. Rxd7+ Rxd7 32. h3 Rd1+ 33. Kh2
Rc1 34. Nb3 Rc2 35. Nbd2 g5 36. Kg3 Kg6 37. h4 Ne2+ 38. Kh3 Kf5 39. hxg5 hxg5
40. Nf1 Nf4+ 41. Kg3 Nh5+ 42. Kh3 g4+ 43. Kh4 gxf3 44. Ne3+ Kg6 45. g4 Rxf2 46.
gxh5+ Kh7 47. Kg4 Rh2 48. Kxf3 Rxh5 49. Ke4 Kg6 50. Nd5 Rh4+ 51. Ke5 Kg5 52.
Ne7 Rh1 53. Nd5 Re1+ 54. Kd6 Kf5 55. Ne7+ Ke4 56. Ke6 Ra1 57. Nc6 Rd1 58. Ne5
Rc1 59. Kd6 Kf5 60. Nc6 Rd1+ 61. Kc5 Ke4 62. Ne7 Rd7 63. Nc6 Rd5+ 64. Kc4 Rd1
65. Kc5 Rd2 66. Ne7 Rd7 67. Nc6 Rh7 68. Kd6 Rh5 69. Ne7 Rh6+ 70. Kd7 Ke5 71.
Nc6+ Kd5 72. Ne7+ Kc5 73. Nf5 Rf6 74. Ne7 Rd6+ 75. Kc7 Rd1 76. Nf5 Rf1 77. Ne7
Ra1 78. Kd7 Re1 79. Nf5 Re2 80. Ne7 Re5 81. Ng6 Rg5 82. Ne7 Rh5 83. Ke6 Rh6+
84. Ke5 1/2-1/2

[Event "ICC tourney 1897 (3 2)"]
[Site "Internet Chess Club"]
[Date "2020.07.03"]
[Round "12"]
[White "GeneraLisimus"]
[Black "penguingm1"]
[Result "1-0"]
[WhiteElo "2871"]
[BlackElo "2827"]
[PlyCount "45"]
[EventDate "2020.??.??"]

1. e4 e5 2. Nf3 Nc6 3. Bc4 Bc5 4. c3 Nf6 5. d3 a6 6. Bb3 Ba7 7. Nbd2 O-O 8. h3
h6 9. g4 d5 10. g5 hxg5 11. Nxg5 Na5 12. Bc2 Re8 13. Rg1 Kf8 14. Qf3 Be6 15.
Qg3 g6 16. Ndf3 dxe4 17. dxe4 Nc6 18. Qh4 Nh5 19. Nh7+ Kg7 20. Qxh5 Rh8 21.
Qh6+ Kg8 22. Rxg6+ fxg6 23. Qxg6# 1-0

[Event "ICC tourney 1897 (3 2)"]
[Site "Internet Chess Club"]
[Date "2020.07.03"]
[Round "4"]
[White "PushU2Blunders"]
[Black "penguingm1"]
[Result "0-1"]
[WhiteElo "1843"]
[BlackElo "2818"]
[PlyCount "42"]
[EventDate "2020.??.??"]

1. e4 e5 2. Nf3 Nc6 3. Bc4 Bc5 4. c3 Nf6 5. d3 a6 6. Bb3 Ba7 7. Nbd2 d6 8. h3
O-O 9. Nf1 Be6 10. Ng3 h6 11. O-O d5 12. Qe2 Re8 13. Nf5 Bxf5 14. exf5 e4 15.
dxe4 Rxe4 16. Qd3 Qd6 17. Rd1 Rae8 18. Bxd5 Nxd5 19. Qxd5 Re1+ 20. Nxe1 Rxe1+
21. Rxe1 Qxd5 0-1

[Event "ICC tourney 1897 (3 2)"]
[Site "Internet Chess Club"]
[Date "2020.07.03"]
[Round "12"]
[White "Dlugy"]
[Black "Wizard98"]
[Result "1/2-1/2"]
[WhiteElo "2826"]
[BlackElo "2056"]
[PlyCount "121"]
[EventDate "2020.??.??"]

1. d4 f5 2. Bf4 Nf6 3. e3 d6 4. c4 Nc6 5. Nf3 g6 6. d5 Nb8 7. Nc3 Bg7 8. h3 O-O
9. Be2 e5 10. dxe6 Bxe6 11. O-O Kh8 12. Rc1 Nbd7 13. b4 Bg8 14. c5 dxc5 15.
bxc5 Nxc5 16. Qxd8 Raxd8 17. Bxc7 Rd7 18. Nb5 Nfe4 19. Be5 a6 20. Bxg7+ Kxg7
21. Nc3 Rfd8 22. Nd4 Nxc3 23. Rxc3 Ne6 24. Nb3 Ng5 25. Rfc1 Ne4 26. R3c2 Kf6
27. g4 Bd5 28. Nd4 Ng5 29. Kh2 Ne6 30. Nb3 f4 31. exf4 Nxf4 32. Bf1 h5 33. Kg3
g5 34. h4 hxg4 35. Kxg4 Be6+ 36. Kg3 Nh5+ 37. Kh2 gxh4 38. Nc5 Re7 39. Nxe6
Rxe6 40. Bg2 b5 41. a4 Nf4 42. axb5 axb5 43. Rb1 Re5 44. Rb4 Kg5 45. Bf1 Rd1
46. Rxb5 Rxb5 47. Bxb5 Rd5 48. Bc6 Re5 49. Bf3 Ra5 50. Rd2 Ra3 51. Bd1 Rh3+ 52.
Kg1 Rd3 53. Rxd3 Nxd3 54. Be2 Nf4 55. Bf1 Kf6 56. f3 Ke5 57. Kf2 Kd4 58. Bg2
Nxg2 59. Kxg2 Ke3 60. Kh3 Kxf3 61. Kxh4 1/2-1/2

[Event "ICC tourney 1897 (3 2)"]
[Site "Internet Chess Club"]
[Date "2020.07.03"]
[Round "10"]
[White "Dlugy"]
[Black "Aleksandrov73"]
[Result "0-1"]
[WhiteElo "2827"]
[BlackElo "2334"]
[PlyCount "100"]
[EventDate "2020.??.??"]

1. d4 Nf6 2. Bf4 d5 3. e3 e6 4. Nd2 Bd6 5. Bg3 c5 6. Ngf3 Qc7 7. c4 cxd4 8.
Nxd4 Bxg3 9. hxg3 Nc6 10. Nxc6 Qxc6 11. cxd5 Qxd5 12. e4 Qa5 13. Bd3 e5 14. O-O
O-O 15. Nc4 Qc5 16. Rc1 Be6 17. Qe2 Rac8 18. Rc2 Rfd8 19. b3 Qd4 20. Nb2 g6 21.
Rxc8 Rxc8 22. Re1 Kg7 23. Kf1 a6 24. Bc4 Bxc4 25. Nxc4 b5 26. Na3 Rd8 27. Nc2
Qc3 28. Rc1 Rd2 29. Qe3 Qxe3 30. Nxe3 Nxe4 31. Ng4 h5 32. Nxe5 Rxf2+ 33. Kg1
Rxa2 34. Rc7 Kf6 35. Nxf7 Nxg3 36. Nd6 h4 37. Kh2 Ke5 38. Nf7+ Kf6 39. Nd6 Nf5
40. Ne4+ Ke5 41. Ng5 Ne3 42. Nf3+ Kd6 43. Rc3 Nxg2 44. Kh3 a5 45. Nd4 b4 46.
Rf3 Kd5 47. Nb5 Ke4 48. Rf8 Rb2 49. Nd6+ Kd5 50. Nc4 Rxb3+ 0-1

[Event "ICC tourney 1897 (3 2)"]
[Site "Internet Chess Club"]
[Date "2020.07.03"]
[Round "9"]
[White "Dlugy"]
[Black "GeneraLisimus"]
[Result "1/2-1/2"]
[WhiteElo "2843"]
[BlackElo "2864"]
[PlyCount "109"]
[EventDate "2020.??.??"]

1. d4 Nf6 2. Bf4 d5 3. e3 c5 4. dxc5 Nc6 5. Bb5 g6 6. Nc3 Bg7 7. Nf3 O-O 8. O-O
Bg4 9. h3 Bxf3 10. Qxf3 e6 11. Bd6 Re8 12. Rad1 Qa5 13. a3 Nd7 14. e4 a6 15.
exd5 exd5 16. Bxc6 bxc6 17. Rd3 Ne5 18. Bxe5 Bxe5 19. b4 Qc7 20. Na4 Re6 21.
Nb6 Rae8 22. c4 d4 23. g3 h5 24. h4 Bg7 25. a4 Re4 26. Kg2 Re2 27. Rc1 Rb2 28.
b5 Ree2 29. Rf1 axb5 30. cxb5 cxb5 31. axb5 Qxc5 32. Nd5 Qxb5 33. Nf4 Re8 34.
Nh3 Qb7 35. Ng5 Bf6 36. Qxb7 Rxb7 37. Nf3 Rd8 38. Rc1 Rb6 39. Rc4 Rbd6 40. Rc5
Kg7 41. Rc4 R8d7 42. Kf1 Rd5 43. Rc2 Bd8 44. Rcd2 Ba5 45. Ra2 Bc3 46. Ra6 Rb5
47. Kg2 Rb2 48. Rc6 Rb1 49. Ng5 Re7 50. Rf3 Rb2 51. Rd6 Rbb7 52. Ne4 Rbd7 53.
Rxd7 Rxd7 54. Nxc3 dxc3 55. Rxc3 1/2-1/2

[Event "ICC tourney 1897 (3 2)"]
[Site "Internet Chess Club"]
[Date "2020.07.03"]
[Round "6"]
[White "Dlugy"]
[Black "penguingm1"]
[Result "0-1"]
[WhiteElo "2842"]
[BlackElo "2836"]
[PlyCount "178"]
[EventDate "2020.??.??"]

1. d4 d5 2. c4 e6 3. Nf3 Nf6 4. Nc3 Be7 5. Bg5 h6 6. Bh4 O-O 7. e3 b6 8. Qb3
Bb7 9. Bxf6 Bxf6 10. cxd5 exd5 11. Rd1 c6 12. Bd3 Re8 13. O-O Nd7 14. Bb1 Nf8
15. Qc2 g6 16. b4 Rc8 17. Qb3 Ne6 18. Ne5 Qe7 19. f4 Ng7 20. Rf3 Rcd8 21. Qa4
Qc7 22. Rc1 a6 23. a3 b5 24. Qb3 Qd6 25. Nd1 Ne6 26. Nf2 Bg7 27. h4 h5 28. Qc2
Nf8 29. Nfd3 f6 30. Nc5 Bc8 31. Nxg6 Bg4 32. Rg3 f5 33. Ne5 Qf6 34. Qf2 Rd6 35.
Nb7 Rde6 36. Nc5 Rd6 37. Bd3 Re7 38. Nxa6 Ra7 39. Nb8 Rxa3 40. Nbxc6 Rxd3 41.
Nxd3 Rxc6 42. Rxc6 Qxc6 43. Nc5 Bf6 44. Rxg4+ hxg4 45. Qc2 Qc8 46. Qa2 Qc6 47.
g3 Be7 48. Qa7 Bxc5 49. dxc5 Nd7 50. Kf2 Kf7 51. Qa1 Qf6 52. Qa7 Qc6 53. h5 Kg7
54. Qa5 Nf6 55. Qa7+ Qd7 56. Qb6 Qe8 57. c6 Qxh5 58. Qd4 Qh2+ 59. Ke1 Qxg3+ 60.
Kd2 Qg2+ 61. Kc3 Qh1 62. Kb2 Qh2+ 63. Kb3 Qh8 64. c7 Qc8 65. Qe5 Kf7 66. Qd6
Ne8 67. Qxd5+ Ke7 68. Qe5+ Kd7 69. Qxf5+ Kxc7 70. Qc5+ Kd8 71. Qg5+ Kc7 72.
Qc5+ Kd7 73. Qf5+ Kd8 74. Qg5+ Kc7 75. Qc5+ Kb7 76. Qxb5+ Ka7 77. Qa5+ Qa6 78.
Qc5+ Qb6 79. Qe7+ Nc7 80. f5 g3 81. f6 g2 82. f7 g1=Q 83. f8=Q Qb1+ 84. Kc3
Qc1+ 85. Kb3 Qd1+ 86. Kc3 Qe1+ 87. Kb3 Qb1+ 88. Kc3 Kb7 89. Qh7 Qxh7 0-1

[Event "ICC tourney 1897 (3 2)"]
[Site "Internet Chess Club"]
[Date "2020.07.03"]
[Round "2"]
[White "PushU2Blunders"]
[Black "Dlugy"]
[Result "0-1"]
[WhiteElo "1790"]
[BlackElo "2866"]
[PlyCount "64"]
[EventDate "2020.??.??"]

1. e4 c5 2. Nf3 d6 3. d4 cxd4 4. Nxd4 Nf6 5. Nc3 Nc6 6. Bg5 e6 7. Qd3 a6 8.
O-O-O Be7 9. f4 Bd7 10. Be2 Qc7 11. g4 b5 12. Nxc6 Bxc6 13. Bxf6 gxf6 14. a3
Rb8 15. Bf3 b4 16. axb4 Rxb4 17. e5 Bxf3 18. Qxf3 fxe5 19. fxe5 d5 20. Rhf1 O-O
21. Qe3 Rfb8 22. b3 Rxg4 23. Rg1 Rg6 24. Rxg6+ hxg6 25. Qh6 Qxc3 26. Rd3 Qe1+
27. Kb2 Qxe5+ 28. Ka2 Bf6 29. c3 Qe2+ 30. Rd2 Qb5 31. Rb2 Qa5+ 32. Kb1 Qxc3 0-1

[Event "ICC tourney 1897 (3 2)"]
[Site "Internet Chess Club"]
[Date "2020.07.03"]
[Round "9"]
[White "Aleksandrov73"]
[Black "fishbein"]
[Result "1-0"]
[WhiteElo "2252"]
[BlackElo "2503"]
[PlyCount "105"]
[EventDate "2020.??.??"]

1. d4 Nf6 2. c4 g6 3. Nc3 Bg7 4. e4 O-O 5. h3 d6 6. Be3 c5 7. dxc5 dxc5 8. Qxd8
Rxd8 9. Bxc5 Nc6 10. Nf3 b6 11. Ba3 Bb7 12. Be2 Nd7 13. Rc1 Nc5 14. O-O Nd4 15.
Nxd4 Bxd4 16. Rfd1 e6 17. Nb5 Be5 18. f3 a6 19. Nc3 Rd4 20. Rxd4 Bxd4+ 21. Kf1
e5 22. Nd5 Ne6 23. g3 Kg7 24. h4 Rc8 25. b3 h6 26. Bb4 b5 27. Bd2 bxc4 28. Rxc4
Rxc4 29. Bxc4 Nc5 30. Ke2 f5 31. exf5 gxf5 32. Be3 Ne6 33. Ne7 Kf6 34. Ng8+ Kf7
35. Nxh6+ Kf6 36. Ng8+ Kf7 37. g4 Bxe3 38. Kxe3 fxg4 39. fxg4 Bc8 40. Nh6+ Kg6
41. Nf5 Kf6 42. Nd6 Bd7 43. g5+ Ke7 44. Nf5+ Kf7 45. Ke4 Kg6 46. Kxe5 Nxg5 47.
Ne7+ Kh5 48. hxg5 Kxg5 49. Kd6 Bg4 50. Nd5 Bf3 51. Bxa6 Kf5 52. Bc4 Bh1 53. a4
1-0

[Event "ICC tourney 1897 (3 2)"]
[Site "Internet Chess Club"]
[Date "2020.07.03"]
[Round "8"]
[White "fishbein"]
[Black "penguingm1"]
[Result "0-1"]
[WhiteElo "2516"]
[BlackElo "2834"]
[PlyCount "96"]
[EventDate "2020.??.??"]

1. e4 e5 2. Nf3 Nc6 3. Bb5 g6 4. O-O Bg7 5. c3 a6 6. Ba4 b5 7. Bb3 Na5 8. Bc2
Ne7 9. d4 exd4 10. cxd4 O-O 11. Nc3 d6 12. a3 Bg4 13. Bf4 Nec6 14. Ne2 Bxf3 15.
gxf3 Qf6 16. Be3 Qxf3 17. Ng3 Qf6 18. e5 dxe5 19. Ne4 Qd8 20. dxe5 Nxe5 21.
Qxd8 Raxd8 22. Rad1 Nac4 23. Bc5 Rfe8 24. b3 Nb6 25. f4 Ned7 26. Bf2 h6 27. Bh4
Rc8 28. b4 f5 29. Nc5 Nxc5 30. bxc5 Nc4 31. Rd7 Nxa3 32. Bb3+ Nc4 33. Rc1 Re4
34. Rcd1 a5 35. c6 a4 36. Bc2 Re6 37. Rd8+ Rxd8 38. Rxd8+ Kh7 39. Rd7 Rxc6 40.
Bf2 Nb6 41. Bxb6 cxb6 42. Bd3 a3 43. Ra7 b4 44. Kf2 h5 45. Bb1 Rc1 46. Bd3 Rc3
47. Bb5 b3 48. Rxa3 b2 0-1

[Event "ICC tourney 1897 (3 2)"]
[Site "Internet Chess Club"]
[Date "2020.07.03"]
[Round "15"]
[White "Dlugy"]
[Black "manest"]
[Result "1-0"]
[WhiteElo "2831"]
[BlackElo "2784"]
[PlyCount "75"]
[EventDate "2020.??.??"]

1. d4 e6 2. Bf4 b6 3. e3 Bb7 4. Nf3 Nf6 5. Bd3 Be7 6. h3 Bd6 7. Bxd6 cxd6 8. c4
O-O 9. O-O d5 10. cxd5 Bxd5 11. Nc3 Bb7 12. e4 d5 13. e5 Ne4 14. Qc2 Nxc3 15.
Bxh7+ Kh8 16. bxc3 g6 17. Bxg6 fxg6 18. Qxg6 Qe7 19. Ng5 Nc6 20. Qh6+ Kg8 21.
Nxe6 Rf7 22. f4 Rh7 23. Qg6+ Kh8 24. Ng5 Rg7 25. Qh6+ Kg8 26. h4 Nd8 27. f5 Nf7
28. Nxf7 Qxf7 29. e6 Qf8 30. Rf2 Rg3 31. Qf4 Qb8 32. Qh6 Qf8 33. Qh5 Qf6 34.
Kh2 Rg7 35. Rf4 Rf8 36. Re1 Bc6 37. e7 Re8 38. Re6 1-0

[Event "ICC tourney 1897 (3 2)"]
[Site "Internet Chess Club"]
[Date "2020.07.03"]
[Round "14"]
[White "manest"]
[Black "PushU2Blunders"]
[Result "0-1"]
[WhiteElo "2799"]
[BlackElo "2082"]
[PlyCount "114"]
[EventDate "2020.??.??"]

1. Nf3 Nf6 2. c4 g6 3. Nc3 Bg7 4. e4 c5 5. d4 Qa5 6. Bd2 cxd4 7. Nxd4 O-O 8.
Nb3 Qc7 9. Be2 d6 10. Rc1 Na6 11. O-O Nc5 12. Nxc5 Qxc5 13. Be3 Qb4 14. b3 a6
15. Bd4 Bd7 16. Bxf6 exf6 17. Nd5 Qa3 18. Rc2 Rae8 19. Bd3 Bc6 20. Qc1 Qc5 21.
Rd1 Re5 22. Qf4 Rfe8 23. g3 f5 24. Re2 Bxd5 25. cxd5 Qd4 26. Bc2 Qb2 27. Bd3
Rxe4 28. Qxe4 fxe4 29. Rxb2 Bxb2 30. Re1 f5 31. f3 Bd4+ 32. Kf1 Rf8 33. Be2
exf3 34. Bxf3 Rc8 35. Re7 Rc2 36. Re2 Rc1+ 37. Re1 Rc3 38. Kg2 Be5 39. Re2 Kg7
40. Rd2 Kf6 41. Bd1 Rc1 42. Be2 Bc3 43. Rd3 Rc2 44. Kf1 Bb4 45. a4 Bc5 46. h4
Rb2 47. Bf3 Ke5 48. Be2 a5 49. Bf3 Bd4 50. g4 f4 51. g5 Be3 52. Be2 Ke4 53. Rc3
f3 54. Rc4+ Bd4 55. Bd1 Rb1 56. Ke1 f2+ 57. Ke2 Rxd1 0-1

[Event "ICC tourney 1897 (3 2)"]
[Site "Internet Chess Club"]
[Date "2020.07.03"]
[Round "13"]
[White "GeneraLisimus"]
[Black "manest"]
[Result "1-0"]
[WhiteElo "2886"]
[BlackElo "2831"]
[PlyCount "133"]
[EventDate "2020.??.??"]

1. e4 e6 2. d4 d5 3. Nd2 dxe4 4. Nxe4 Nd7 5. Nf3 Ngf6 6. Nxf6+ Nxf6 7. Be3 Bd6
8. Bd3 O-O 9. O-O b6 10. Qe2 Bb7 11. Rad1 Nd5 12. Bg5 Be7 13. Bd2 Nb4 14. Bxb4
Bxb4 15. c3 Bd6 16. Rfe1 Qe7 17. Be4 Bxe4 18. Qxe4 Rad8 19. h3 h6 20. Nd2 Qd7
21. Nc4 Qa4 22. Qe2 Be7 23. Ne5 Bf6 24. Ng4 Bg5 25. Ne5 Bf6 26. Ng4 Bg5 27. g3
Rd5 28. h4 Be7 29. Ne5 Bf6 30. Ng4 Be7 31. c4 Rdd8 32. b3 Qe8 33. Qf3 Bb4 34.
Re3 Bd6 35. Ree1 Kh8 36. Kg2 a5 37. d5 e5 38. Qf5 f6 39. h5 a4 40. Ne3 Bc5 41.
Ng4 Bd6 42. Nh2 Ra8 43. Nf3 Qc8 44. Qc2 Kg8 45. Nh4 f5 46. Ng6 Re8 47. b4 Bxb4
48. Rxe5 Rxe5 49. Nxe5 Bd6 50. Ng6 Qd7 51. Re1 Qf7 52. Re6 a3 53. Qe2 Rd8 54.
f4 Kh7 55. Kh3 Ra8 56. Qd3 Rb8 57. Kg2 Re8 58. Ne5 Bxe5 59. Rxe8 Bd6 60. Qe2 b5
61. Qe6 Qxe6 62. dxe6 b4 63. e7 Bxe7 64. Rxe7 c5 65. Rc7 b3 66. axb3 a2 67. Ra7
1-0

[Event "ICC tourney 1897 (3 2)"]
[Site "Internet Chess Club"]
[Date "2020.07.03"]
[Round "11"]
[White "penguingm1"]
[Black "manest"]
[Result "0-1"]
[WhiteElo "2842"]
[BlackElo "2837"]
[PlyCount "112"]
[EventDate "2020.??.??"]

1. d4 e6 2. c4 b6 3. Nc3 Bb7 4. Qc2 f5 5. Nf3 Nf6 6. g3 Bb4 7. Bg2 Be4 8. Qb3
Bxc3+ 9. Qxc3 O-O 10. O-O Qe7 11. Rd1 d6 12. b4 Nbd7 13. Bb2 a5 14. b5 Rae8 15.
Bh3 Qd8 16. Re1 Qa8 17. Rad1 h6 18. Nd2 Bb7 19. Qc2 Qd8 20. d5 exd5 21. Bxf5
Nc5 22. Bg6 Re7 23. Nf3 dxc4 24. Qxc4+ Kh8 25. Nh4 Nfe4 26. f3 d5 27. Qc2 Nd6
28. Bh5 Nxb5 29. Ng6+ Kg8 30. Nxf8 Qxf8 31. Bg4 Nd6 32. Qg6 Nc4 33. Ba1 Ne5 34.
Bxe5 Rxe5 35. Rd4 Rg5 36. Qc2 Qe7 37. Qd2 Re5 38. Rf4 Ba6 39. Rd4 Bc4 40. f4
Re3 41. Bf3 c6 42. Kf2 Ra3 43. Rxc4 dxc4 44. Bxc6 Ne4+ 45. Bxe4 Qxe4 46. Rd1
Kh7 47. Qb2 Re3 48. Rc1 b5 49. a4 Rb3 50. Qc2 Qxc2 51. Rxc2 b4 52. Rxc4 Ra3 53.
e4 b3 54. Rc5 Rxa4 55. e5 b2 56. Rb5 Rb4 0-1

[Event "ICC tourney 1897 (3 2)"]
[Site "Internet Chess Club"]
[Date "2020.07.03"]
[Round "10"]
[White "manest"]
[Black "Wizard98"]
[Result "1/2-1/2"]
[WhiteElo "2819"]
[BlackElo "1914"]
[PlyCount "46"]
[EventDate "2020.??.??"]

1. Nf3 d6 2. d4 g6 3. c4 f5 4. Nc3 Nf6 5. g3 Bg7 6. Bg2 O-O 7. O-O c6 8. d5 e5
9. dxe6 Bxe6 10. b3 Na6 11. Ng5 Qe7 12. Bb2 Rad8 13. Nxe6 Qxe6 14. Qd2 Nc5 15.
Rad1 Nce4 16. Nxe4 Nxe4 17. Qc2 Bxb2 18. Qxb2 Qe5 19. Qxe5 dxe5 20. Bxe4 fxe4
21. Kg2 Kg7 22. f3 exf3+ 23. exf3 Rd4 1/2-1/2

[Event "ICC tourney 1897 (3 2)"]
[Site "Internet Chess Club"]
[Date "2020.07.03"]
[Round "7"]
[White "Aleksandrov73"]
[Black "manest"]
[Result "0-1"]
[WhiteElo "2131"]
[BlackElo "2792"]
[PlyCount "100"]
[EventDate "2020.??.??"]

1. d4 e6 2. c4 b6 3. e4 Bb4+ 4. Bd2 Bxd2+ 5. Qxd2 d5 6. cxd5 exd5 7. e5 Ne7 8.
Nf3 O-O 9. Be2 c5 10. O-O Nbc6 11. dxc5 bxc5 12. Nc3 Be6 13. Rfd1 Rb8 14. b3
Qc7 15. Na4 Nxe5 16. Nxe5 Qxe5 17. Nxc5 Rbc8 18. Rac1 Ng6 19. Bf1 Qd6 20. b4
Rc7 21. Re1 Rfc8 22. Rcd1 Re7 23. Qd4 Qb6 24. Re3 Rce8 25. Rde1 Qd6 26. h3 Bc8
27. Rxe7 Rxe7 28. Rxe7 Nxe7 29. Bd3 Nc6 30. Qe3 Kf8 31. a3 h6 32. Bb5 Ne7 33.
Bd3 f6 34. f4 Kf7 35. Kf2 Bf5 36. Be2 d4 37. Qf3 Kg8 38. g4 Bg6 39. Bc4+ Kh7
40. f5 Be8 41. Qg3 Qc6 42. Qf3 Qc8 43. Qf4 Nc6 44. Qd6 Ne5 45. Qe6 Bd7 46. Nxd7
Nxd7 47. Ke2 Qd8 48. Kd2 Ne5 49. a4 d3 50. Qd5 Qf8 0-1

[Event "ICC tourney 1897 (3 2)"]
[Site "Internet Chess Club"]
[Date "2020.07.03"]
[Round "14"]
[White "Mookmookarmy"]
[Black "Aleksandrov73"]
[Result "0-1"]
[WhiteElo "1978"]
[BlackElo "2344"]
[PlyCount "98"]
[EventDate "2020.??.??"]

1. e4 e5 2. Nf3 Nc6 3. d4 exd4 4. Bc4 Bb4+ 5. c3 dxc3 6. O-O Nf6 7. Nxc3 Bxc3
8. bxc3 d6 9. e5 dxe5 10. Qc2 Qe7 11. a4 Na5 12. Ba3 c5 13. Bb5+ Bd7 14. Rfe1
e4 15. Bxd7+ Qxd7 16. Bxc5 O-O-O 17. Nd4 Kb8 18. Nb5 b6 19. Bd4 Rhe8 20. Rad1
Qc6 21. Be5+ Kb7 22. Nd6+ Rxd6 23. Bxd6 Nc4 24. Bg3 h6 25. Rd4 Re7 26. h3 a5
27. Qe2 Ne5 28. Bxe5 Rxe5 29. Rc4 Qd7 30. Rd1 Rd5 31. Rcd4 Rxd4 32. Rxd4 Qc6
33. Qe3 Qe6 34. Kh2 Kc6 35. g3 h5 36. Qe2 Kb7 37. Qe3 h4 38. Qf4 hxg3+ 39. Qxg3
Kc6 40. Qb8 Nd5 41. Qa8+ Kc5 42. Qf8+ Kc6 43. Qxg7 Qd6+ 44. Qg3 Qe6 45. Rc4+
Kb7 46. h4 Qf5 47. Rd4 Nf4 48. Qg5 Qh3+ 49. Kg1 Ne2# 0-1

[Event "ICC tourney 1897 (3 2)"]
[Site "Internet Chess Club"]
[Date "2020.07.03"]
[Round "13"]
[White "penguingm1"]
[Black "Mookmookarmy"]
[Result "0-1"]
[WhiteElo "2806"]
[BlackElo "1980"]
[PlyCount "76"]
[EventDate "2020.??.??"]

1. d4 Nf6 2. c4 g6 3. f3 Bg7 4. e4 d6 5. Nc3 O-O 6. Nge2 c5 7. d5 e6 8. Ng3
exd5 9. cxd5 h5 10. Bg5 Qb6 11. Qd2 Nh7 12. Bh4 Nd7 13. Be2 g5 14. Bxg5 Nxg5
15. Nxh5 Nh7 16. Nxg7 Kxg7 17. g4 Qd8 18. h4 a6 19. a4 Qf6 20. O-O-O b5 21. g5
Qe7 22. axb5 axb5 23. Nxb5 Ba6 24. Nc3 Ne5 25. Bxa6 Rxa6 26. f4 Ra1+ 27. Kc2
Nf3 28. Qf2 Nd4+ 29. Kd3 Ra6 30. f5 Qb7 31. Rhg1 Rb6 32. g6 Nf6 33. Rd2 Qa6+
34. Ke3 Qc4 35. h5 Rxb2 36. h6+ Kxh6 37. Re2 Qxc3+ 38. Kf4 Nxe2+ 0-1

[Event "ICC tourney 1897 (3 2)"]
[Site "Internet Chess Club"]
[Date "2020.07.03"]
[Round "4"]
[White "manest"]
[Black "Mookmookarmy"]
[Result "1-0"]
[WhiteElo "2779"]
[BlackElo "1629"]
[PlyCount "155"]
[EventDate "2020.??.??"]

1. Nf3 Nf6 2. c4 g6 3. Nc3 Bg7 4. e4 d6 5. d4 O-O 6. Be2 e5 7. O-O Nc6 8. Be3
Ng4 9. Bg5 Bf6 10. Bxf6 Nxf6 11. d5 Nb8 12. c5 Bg4 13. cxd6 cxd6 14. Nd2 Bxe2
15. Qxe2 Nbd7 16. Nc4 Nb6 17. Rac1 Rc8 18. Ne3 a6 19. Rc2 Qd7 20. Rfc1 Rc7 21.
f3 Rfc8 22. Ncd1 Rxc2 23. Rxc2 Qa4 24. Rxc8+ Nxc8 25. Qc4 Qd7 26. Nc3 Kg7 27.
Kf2 h5 28. Qb4 Qc7 29. a4 Nd7 30. a5 Nc5 31. Ke2 h4 32. Nc4 Qe7 33. Ne3 Qc7 34.
Qa3 Nd7 35. b4 Na7 36. Qb3 b5 37. Qc2 Qd8 38. Ncd1 Nf6 39. Nf2 Nd7 40. Qd2 Qc7
41. Nfg4 Nc8 42. Qe1 Qd8 43. Qc3 Ne7 44. f4 f6 45. f5 g5 46. g3 hxg3 47. hxg3
Qc8 48. Qe1 Ng8 49. Kf3 Nf8 50. Qd2 Qc7 51. Nd1 Qc4 52. Ndf2 Qb3+ 53. Kg2 Qc4
54. Qe3 Qc7 55. Kf3 Nd7 56. Nd3 Nh6 57. Nxh6 Kxh6 58. Nf2 Kg7 59. Ng4 Qc4 60.
Qa7 Qf1+ 61. Nf2 g4+ 62. Kxg4 Qe2+ 63. Kh3 Qf1+ 64. Kh4 Kg8 65. Qxd7 Qxf2 66.
Qe8+ Kg7 67. Qg6+ Kf8 68. Qxf6+ Ke8 69. Qe6+ Kd8 70. Qxd6+ Kc8 71. Qxe5 Qh2+
72. Kg5 Qd2+ 73. Kg6 Qxb4 74. d6 Qc4 75. Qe8+ Kb7 76. d7 Qc6+ 77. f6 Qxe4+ 78.
Qxe4+ 1-0

[Event "ICC tourney 1897 (3 2)"]
[Site "Internet Chess Club"]
[Date "2020.07.03"]
[Round "15"]
[White "Visam"]
[Black "Wizard98"]
[Result "0-1"]
[WhiteElo "2614"]
[BlackElo "2232"]
[PlyCount "104"]
[EventDate "2020.??.??"]

1. d4 f5 2. g3 Nf6 3. Bg2 g6 4. Nh3 Bg7 5. Nf4 Nc6 6. h4 e5 7. dxe5 Nxe5 8. h5
c6 9. b3 d5 10. Bb2 Nfg4 11. Qc1 O-O 12. Nd2 Qf6 13. Rb1 g5 14. h6 Bh8 15. Nd3
Qg6 16. Nxe5 Nxe5 17. c4 f4 18. cxd5 fxg3 19. fxg3 Bf5 20. Ra1 Nd3+ 21. exd3
Rae8+ 22. Kd1 Bxd3 23. Ne4 Bxe4 24. Qd2 Bxg2 25. Qxg2 Qd3+ 26. Qd2 Qxd2+ 27.
Kxd2 Bxb2 28. Rab1 Be5 29. dxc6 bxc6 30. Rhg1 Rd8+ 31. Ke3 Rf6 32. Ke4 Bc7 33.
Rbc1 Rxh6 34. Rgf1 Bxg3 35. Kf5 Bf4 36. Rc2 Rf8+ 37. Ke4 Re6+ 38. Kd3 h5 39.
Rc5 h4 40. Rh1 Rd8+ 41. Kc3 Rg6 42. Rc4 Be5+ 43. Kb4 Bd6+ 44. Ka5 Bg3 45. Ka6
g4 46. Kxa7 h3 47. Kb7 h2 48. Rc2 Bf4 49. a4 g3 50. Rg2 Rd2 51. Rhxh2 gxh2 52.
Rxg6+ Kf7 0-1

[Event "ICC tourney 1897 (3 2)"]
[Site "Internet Chess Club"]
[Date "2020.07.03"]
[Round "11"]
[White "Visam"]
[Black "Dlugy"]
[Result "0-1"]
[WhiteElo "2633"]
[BlackElo "2835"]
[PlyCount "74"]
[EventDate "2020.??.??"]

1. d4 d5 2. c4 dxc4 3. e4 e5 4. Nf3 Bb4+ 5. Nc3 exd4 6. Qxd4 Qxd4 7. Nxd4 Nf6
8. f3 Bc5 9. Ndb5 Na6 10. Bf4 c6 11. Nd6+ Bxd6 12. Bxd6 Be6 13. O-O-O O-O-O 14.
Be2 Rd7 15. g4 Rhd8 16. Be5 Rxd1+ 17. Nxd1 Nc5 18. Nf2 b5 19. g5 Ne8 20. Rd1
Rxd1+ 21. Kxd1 Nd7 22. Bg3 f6 23. h4 a5 24. f4 f5 25. Bf3 Kb7 26. exf5 Bxf5 27.
Ne4 Kc7 28. Be1 b4 29. a3 c5 30. Bf2 c3 31. bxc3 bxa3 32. Kc1 Nd6 33. Nd2 a4
34. Bd5 Nb5 35. Nc4 Nxc3 36. Bg8 Ne2+ 37. Kd2 a2 0-1

[Event "ICC tourney 1897 (3 2)"]
[Site "Internet Chess Club"]
[Date "2020.07.03"]
[Round "5"]
[White "Visam"]
[Black "manest"]
[Result "0-1"]
[WhiteElo "2665"]
[BlackElo "2790"]
[PlyCount "92"]
[EventDate "2020.??.??"]

1. d4 e6 2. c4 b6 3. e4 Bb4+ 4. Bd2 Bxd2+ 5. Qxd2 d5 6. cxd5 exd5 7. e5 Ne7 8.
Nc3 O-O 9. Nf3 Bg4 10. Be2 c5 11. O-O Nbc6 12. dxc5 bxc5 13. Rfe1 h6 14. Rad1
Be6 15. Na4 c4 16. b3 cxb3 17. axb3 Rb8 18. Nc5 Qb6 19. Rc1 Rfc8 20. Bd3 Nb4
21. Nxe6 fxe6 22. Nd4 Rxc1 23. Rxc1 Rc8 24. Rxc8+ Nxc8 25. h4 Ne7 26. h5 Nxd3
27. Qxd3 Qb4 28. Kf1 Qa5 29. g3 Qa1+ 30. Kg2 Qe1 31. f4 Kf7 32. Nb5 Nf5 33.
Nd6+ Nxd6 34. exd6 Kf8 35. f5 Qe5 36. fxe6 Qxe6 37. Qf1+ Kg8 38. Qf4 Qe2+ 39.
Qf2 Qxf2+ 40. Kxf2 Kf7 41. Ke3 Ke6 42. Kf4 Kxd6 43. Kf5 d4 44. Ke4 Kc5 45. g4
a5 46. Kd3 Kd5 0-1

[Event "ICC tourney 1897 (3 2)"]
[Site "Internet Chess Club"]
[Date "2020.07.03"]
[Round "12"]
[White "Venom2020"]
[Black "Visam"]
[Result "0-1"]
[WhiteElo "1796"]
[BlackElo "2633"]
[PlyCount "100"]
[EventDate "2020.??.??"]

1. e4 e5 2. Nf3 Nc6 3. Bc4 Bc5 4. O-O Nf6 5. d4 Bxd4 6. Nxd4 Nxd4 7. f4 d6 8.
fxe5 dxe5 9. Bg5 Be6 10. Na3 Qe7 11. c3 Bxc4 12. Bxf6 gxf6 13. Nxc4 Ne6 14. b4
Rg8 15. Ne3 Nf4 16. Kh1 Rd8 17. Qa4+ Qd7 18. Qxa7 Qc6 19. Rad1 Nd3 20. Nd5 Rxd5
21. exd5 Qxd5 22. Qb8+ Ke7 23. Qxg8 Nf2+ 24. Kg1 Nxd1 25. Qc8 Ne3 26. Qxc7+ Kf8
27. Qc5+ Qxc5 28. bxc5 Nxf1 29. Kxf1 f5 30. Ke2 Ke7 31. Kd3 Kd7 32. Kc4 Kc6 33.
a4 f4 34. h3 h5 35. h4 f6 36. a5 f5 37. Kb4 e4 38. Kc4 e3 39. Kd3 Kxc5 40. g3
fxg3 41. Kxe3 f4+ 42. Kf3 Kc4 43. Kxf4 g2 44. Kg5 g1=Q+ 45. Kxh5 Kxc3 46. Kh6
Kd4 47. h5 Ke5 48. Kh7 Kf6 49. h6 Kf7 50. Kh8 Qg8# 0-1